<?xml version="1.0" encoding="UTF-8"?>
<collection xmlns="http://www.loc.gov/MARC21/slim">
 <record>
  <leader>01424pamaa2200217   4500</leader>
  <controlfield tag="001">0000046781</controlfield>
  <controlfield tag="005">20121206090000.0</controlfield>
  <controlfield tag="008">100305                             eng  </controlfield>
  <datafield tag="020" ind1="0" ind2="0">
   <subfield code="a">9780195422078 (pbk.) </subfield>
  </datafield>
  <datafield tag="090" ind1="0" ind2="0">
   <subfield code="a">BL80.3 </subfield>
   <subfield code="b">CON 2007</subfield>
  </datafield>
  <datafield tag="245" ind1="1" ind2="2">
   <subfield code="a">A concise introduction to world religions  </subfield>
   <subfield code="c">edited by Willard G. Oxtoby &amp; Alan F. Segal.</subfield>
  </datafield>
  <datafield tag="260" ind1="0" ind2="0">
   <subfield code="a">Don Mills, Ont. ; New York: </subfield>
   <subfield code="b">Oxford University Press, </subfield>
   <subfield code="c">2007.</subfield>
  </datafield>
  <datafield tag="300" ind1=" " ind2=" ">
   <subfield code="a">584 p.: </subfield>
   <subfield code="b">col. ill., col. maps; </subfield>
   <subfield code="c">24 cm.</subfield>
  </datafield>
  <datafield tag="501" ind1="0" ind2="0">
   <subfield code="a">AUP</subfield>
  </datafield>
  <datafield tag="504" ind1="0" ind2="0">
   <subfield code="a">Includes bibliographical references and index</subfield>
  </datafield>
  <datafield tag="505" ind1="0" ind2="0">
   <subfield code="a">ntroduction / Alan F. Segal, Willard G. Oxtoby -- Indigenous religious traditions / Robert M. Baum -- The Jewish tradition / Alan F. Segal -- The Christian tradition / Alan F. Segal, Williard G. Oxtoby -- The Islamic tradition / Amir Hussain, Mahmoud M. Ayoub -- The Hindu tradition / Vasudha Narayanan -- The Sikh tradition / Vasudha Narayanan, Willard G. Oxtoby -- The Jain tradition / Vasudha Narayanan -- The Buddhist tradition / Roy C. Amore, Julia Ching --&lt;U+000d&gt;&lt;U+000a&gt; Chinese religions: Confucianism and Daoism / Roy C. Amore, Julia Ching -- Korean and Japanese religions / Roy C. Amore, Julia Ching -- The nature of religion / Alan F. Segal, Williard G. Oxtoby</subfield>
  </datafield>
  <datafield tag="650" ind1="0" ind2="0">
   <subfield code="a">Religions -- </subfield>
   <subfield code="x">Textbooks </subfield>
  </datafield>
  <datafield tag="650" ind1="0" ind2="0">
   <subfield code="a">Religions -- </subfield>
   <subfield code="x">Manuels d'enseignement supřieur </subfield>
  </datafield>
  <datafield tag="700" ind1="1" ind2="1">
   <subfield code="a">Oxtoby, </subfield>
   <subfield code="h">Willard G. </subfield>
  </datafield>
  <datafield tag="700" ind1="1" ind2="1">
   <subfield code="a">Segal, </subfield>
   <subfield code="h">Alan F. </subfield>
  </datafield>
  <datafield tag="901" ind1=" " ind2=" ">
   <subfield code="u">www.oup.com</subfield>
  </datafield>
 </record>
</collection>
